Un evento all'anno - Secolo XX - Statistics

Statistiche generali
  • Questo quiz è stato fatto 58 volte
  • Il punteggio medio è 49 su 100
Statistiche sulle risposte
Anno Domanda Risposta % Corretto
1912 Quale transatlantico inglese si inabissò a causa del contatto con un iceberg? RMS Titanic
90%
1916 Quale fisico pubblicò la Teoria della relatività? Albert Einstein
88%
1902 Quale celeberrimo club spagnolo venne fondato in questo anno? Real Madrid
86%
1917 Quale superpotenza entrò nella Prima Guerra mondiale il 6 aprile? Stati Uniti d'America
84%
1919 Quale città venne occupata da Gabriele d'Annunzio proclamandone l'annessione al Regno d'Italia? FIume
82%
1937 Quale inventore italiano, padre della radio, morì a Roma il 20 luglio? Guglielmo Marconi
80%
1945 Su quale città giapponese venne sganciata la prima bomba atomica usata in un teatro bellico? Hiroshima
80%
1922 Come viene detta la manifestazione armata eversiva organizzata dal Partito Nazionale Fascista, con l'obiettivo di favorire l'ascesa di Benito Mussolini? Marcia su Roma
80%
1918 Quale potenza militare uscì dal primo conflitto mondiale con il trattato di Brest-Litovsk? Russia
80%
1935 Quale nazione africana venne attaccata dall'Italia fascista? Etiopia
76%
1924 Quale deputato del Partito Socialista Italiano venne rapito e ucciso dagli squadristi fascisti? Giacomo Matteotti
76%
1932 Quale città laziale venne fondata con il nome di Littoria? Latina
76%
1914 In quale città avvenne l'assassinio dell'Arciduca Francesco Ferdinando d'Austria ad opera di Gavrilo Princip? Sarajevo
76%
1984 Quale calciatore argentino venne acquistato dal Napoli durante la sessione estiva di calciomercato? Diego Armando Maradona
73%
1909 Quale importante movimento artistico venne fondato da Filippo Tommaso Marinetti? Futurismo
73%
1905 Quale famosa città del Nevada venne fondata il 15 maggio? Las Vegas
73%
1930 Quale nazionale di calcio vinse i primi Campionati del Mondo della storia? Nazionale dell'Uruguay
73%
1969 Chi fu il primo uomo a mettere piede sulla Luna? Neil Armstrong
73%
1949 Quale squadra di calcio italiana rimase coinvolta nella sfortunata Tragedia di Superga? Torino Football Club
73%
1964 Quale gruppo musicale debuttò all'Ed Sullivan Show facendo 73 milioni di telespettatori? I Beatles
69%
1975 Quale azienda venne fondata da Bill Gates e Paul Allen? Microsoft Corporation
67%
1952 Quale regnante salì al tronò dopo la morte del padre Giorgio VI? Elisabetta II del Regno Unito
65%
1962 Quale attrice venne trovate morta nella sua casa a Brentwood? Marilyn Monroe
65%
1958 Con quale canzone Domenico Modugno vinse l'8º Festival di Sanremo? Nel blu dipinto di blu
65%
1931 Quale grattacielo venne inaugurato il 1 maggio a New York diventando il più alto del mondo dell'epoca? Empire State Building
63%
1903 Chi furono i famosi fratelli che riuscirono a far alzare da terra per 12 secondi il loro velivolo per prima volta nella storia? Fratelli Wright
63%
1978 Chi venne eletto come Presidente della Repubblica Italiana l'8 luglio? Sandro Pertini
63%
1928 Quale famoso personaggio dei cartoni animati fece la sua comparsa con il cortometraggio "Steamboat Willie"? Topolino
63%
1960 In quale città si svolgono i Giochi Olimpici estivi? Roma
61%
1946 Quale fu l'ultimo Re d'Italia che lasciò il paese il 13 giugno a seguito della sconfitta monarchica al referendum istituzionale? Umberto II di Savoia
61%
1942 Quale squadra di calcio italiana vinse il suo primo scudetto il 14 giugno? Associazione Sportiva Roma
59%
1948 Quale partito ottenne il 48,51% dei voti alla prime elezioni politiche della Repubblica Italiana? Democrazia Cristiana
59%
1980 Quale attentato stato un attentato di matrice neofascista venne commesso sabato 2 agosto 1980 alle 10:25? Strage di Bologna
59%
1990 Quale nazione europeo si riunificò ufficialmente il 3 ottobre? Germania
57%
1950 Quale guerrà scoppia in Asia dopo l'attraversamento di truppe militari del 38º parallelo? Guerra di Corea
57%
1963 In quale città venne assassinato il presidente deli Stati Uniti John Fitzgerald Kennedy? Dallas
55%
1906 Quale città americana venne devastata da un violento terremoto di magnitudo 8,3? San Francisco
55%
1983 Quale cittadina vaticana sparì in circostanze misteriose il 22 giugno? Emanuela Orlandi
53%
1977 Quale film uscì nei cinema statunitensi il 25 maggio destinato ad avere altri 8 capitoli e svariati spin-off e serie collegate? Guerre stellari
53%
1921 Quale importante ormone pancreatico venne scoperto da Frederick Banting? Insulina
53%
1974 Quale presidente degli Stati Uniti si dimise a seguito dello scandalo Watergate? Richard Nixon
53%
1954 Quale città tornò ad essere italiana grazie al Memorandum di Londra? Trieste
53%
1985 Qual è il titolo del brano musicale realizzato a scopo di beneficenza, scritto e composto dai cantanti statunitensi Michael Jackson e Lionel Richie? We Are the World
53%
1996 Chi venne eletto Presidente degli Stati Uniti d'America? Bill Clinton
51%
1997 Quale ex colonia britannica divenne regione amministrativa speciale cinese il 1 luglio? Hong Kong
51%
1911 Contro quale nazione mediorientale l'Italia dichiarò guerra il 29 settembre? Impero Ottomano
51%
1961 Chi divenne il primo uomo nello spazio il 12 aprile? Jurij Gagarin
51%
1999 Quale film vinse l'Oscar come miglior film straniero, migliore colonna sonora e miglior attore protagonista? La vita è bella
51%
1998 Chi vinse il Giro d'Italia e Tour de France, centrando una doppietta storica? Marco Pantani
51%
1953 Quale stadio italiano venne inaugurato il 17 maggio? Stadio Olimpico
51%
1901 Quale sovrano europeo morì il 22 gennaio dopo oltre 60 anni di regno? Vittoria del Regno Unito
49%
1976 Quale tennista vinse gli Open di Francia, finora unico italiano a vincere una prova maschile singolare del Grande Slam? Adriano Panatta
47%
1979 Quale cantante italiano venne rapito in Sardegna assieme alla moglie? Fabrizio De André
47%
1941 Qual era il nome in codice dell'invasione dell'Unione Sovietica da parte della Germania nazista? Operazione Barbarossa
47%
1992 A Genova ci furano le celebrazione per il cinquecentenario di quale evento storico? Scoperta dell'America
47%
1923 Quale famosa azienda di intrattenimento venne fondata a Burbank il 16 ottobre? The Walt Disney Company
47%
1993 Quale organizzazione internazionale nasce con l'entrata in vigore del Trattato di Maanstricht? Unione Europea
47%
1929 Com'è detto il primo giorno in cui con chiarezza si andò profilando il più rovinoso crollo della borsa di Wall Street della storia? Giovedì nero
45%
1973 Quale generale divenne Presidente del Cile a seguito di un colpo di stato? Augusto Pinochet
43%
1904 Quale organizzazione sportiva venne fondata a Parigi il 21 maggio? FIFA
43%
1988 Chi vinse i Campionati europei di calcio? Nazionale dei Paesi Bassi
43%
1910 Contro quale rappresentativa esordì la Nazionale italiana all'Arena di Milano? Nazionale della Francia
43%
1926 Quale organizzazione intergovernativa sostituì l'Impero Britannico? Commonwealth delle nazioni
41%
1908 Quale fu il primo modello prodotto da Henry Ford? Ford T
41%
1936 Quale guerra civile divampò in Europa e sarà destinata a durare altri 3 anni? Guerra civile spagnola
41%
1981 Quale retrovirus altamente letale venne scoperto il 5 giugno? HIV
41%
1933 L'incendio di quale edificio viene considerato cruciale per l'affermazione del nazionalsocialismo in Germania? Palazzo del Reichstag
41%
1915 Come si chiama l'accordo segreto stipulato tra il governo italiano e i rappresentanti della Triplice Intesa? Patto di Londra
39%
1955 Quale guerra scoppiò a causa dell'incidente del Golfo del Tonchino? Guerra del Vietnam
37%
1982 Quale principessa europea morì a seguito delle ferite riportate in un incidente stradale? Grace Kelly
35%
1939 Come si chiama ilpatto di non aggressione di durata decennale fra la Germania nazista e l'Unione Sovietica? Patto Molotov-Ribbentrop
35%
1956 Quale paese europeo venne invaso dall'Armata Rossa sedando i moti rivoluzionari locali? Ungheria
35%
1913 Quale dinastia slava celebrò il terzo centenario dell'avvento sul trono? Romanov
33%
1934 In quale località italiana avvenne il primo incontro tra Adolf Hitler e Benito Mussolini? Venezia
33%
1951 Quale comunità venne fondata dal Trattato di Parigi firmato da sei paesi: Belgio, Francia, Germania Ovest, Italia, Lussemburgo e Paesi Bassi? Comunità europea del carbone e dell'acciaio (CECA)
31%
1970 Quale aereo da trasporto supersonico compì il primo commerciale il 25 marzo? Concorde
31%
1989 Quale partito indipendentista italiano viene costituito il 4 dicembre? Lega Nord
31%
1938 Come viene detta l'annessione dell'Austria alla Germania nazista? Anschluss
29%
1967 Come si chiama il conflitto che vide contrapposti Israele e le nazioni confinanti Egitto, Siria e Giordania, caratterizzato dalla breve durata? Guerra dei sei giorni
29%
1971 Quale cantante venne trovato morto nella vasca da bagno della sua abitazione a Parigi il 3 luglio? Jim Morrison
29%
1994 Qual è il termine giornalistico per indicare il nuovo assetto politico italiano instauratosi a partire dalle elezioni politiche di qeust'anno? Seconda Repubblica
29%
1959 Qule importante museo newyorkese venne inaugurato il 21 ottobre? Guggenheim Museum
27%
1987 Quale cartone animato fece il suo esordio durante il Tracey Ullman Show? I Simpson
27%
1944 Com'è detta la poderosa opera difensiva fortificata costruita dall'Esercito tedesco nell'Italia centro-settentrionale durante le fasi finali della campagna d'Italia? Linea Gotica
27%
1943 Come si chiama l'Armistizio firmato il 3 settembre e diramato l'8 settembre, con il quale l'Italia si arrese incondizionatamente alle Nazioni Unite? Armistizio di Cassibile
24%
1925 Come venne chiamata la campagna lanciata durante il regime fascista allo scopo di perseguire l'autosufficienza produttiva di frumento dell'Italia? Battaglia del Grano
24%
2000 Quale millennio si è concluso il 31 dicembre? II millennio
24%
1920 A Ginevra si tenne la prima seduta di quale importante organizzazione intergovernativa? Società delle Nazioni
24%
1986 Quale oggetto celeste compie il suo ultimo perielio in questo anno? Cometa di Halley
22%
1907 Quale paese divenne il secondo al mondo a concedere il diritto di voto alle donne? Finlandia
22%
1965 Quale politico rumeno divenne primo segretario del Partito Comunista romeno fino alla morte, nel 1989? Nicolae Ceaușescu
22%
1968 Com'è detto il periodo storico di liberalizzazione politica avvenuto in Cecoslovacchia? Primavera di Praga
22%
1995 Quale premier israeliano venne assassinato il 4 novembre? Yitzhak Rabin
22%
1940 Qual è il nome storico della campagna aerea combattuta dall'aeronautica militare tedesca, la Luftwaffe, contro il Regno Unito? Battaglia d'Inghilterra
20%
1972 Quale gruppo terroristico è stato artefice del massacro di Monaco? Settembre Nero
18%
1927 Chi compì il primo volo in solitaria sull'Atlantico a bordo dello Spirit od Saint Louis? Charles Lindbergh
16%
1991 Chi si dimise da Presidente dell'Unione Sovietica il giorno di Natale? Michail Gorbačëv
16%
1966 Quale elenco di pubblicazioni proibite dalla Chiesa Cattolica venne abolito il 4 febbraio? Indice dei libri proibiti
10%
1957 Come si chiama il primo satellite artificiale della storia, lanciato dall'Unione Sovietica? Sputnik 1
10%
1947 Quale famoso personaggio del mondo dei fumetti e dei cartoni animati venne creato da Carl Barks? Paperon de' Paperoni
6%
Nessun quiz corrispondente trovato
Distribuzione punteggi
Percentuale di utenti per punteggio
Percentile per numero di risposta
I tuoi punteggi nel tempo
Non hai fatto questo quiz